| 000 | 00550nam a22001937a 4500 | ||
|---|---|---|---|
| 003 | LK-CoDNM | ||
| 005 | 20250128150356.0 | ||
| 008 | 250128b |||||||| |||| 00| 0 eng d | ||
| 040 |
_aLK-CoDNM _dLK-CoDNM _eLK-CoDNM |
||
| 041 | _aeng | ||
| 080 |
_a13 _bL3 |
||
| 100 | _aEdwin S. Goodrich | ||
| 245 | _aStudies on the Structures and Development of Vertebrates | ||
| 260 |
_aLondon _bMacmillan and Co., Limited St. Martin's Street, London _c1930 |
||
| 300 | _axxx, 837p : ill; 22 cm | ||
| 650 | _aZoology | ||
| 650 | _aVertebrates | ||
| 942 | _cBK | ||
| 999 |
_c237520 _d237520 |
||